‫مشرفة بين الذرة والذروة‬ : (Record no. 24976)

MARC details
000 -الفاتح
حقل البيانات ثابتة الطول 01830nam a2200385 i 4500
003 - محدد رقم الضبط
رقم الضبط EG-ScBUE
005 - وقت وتاريخ اخر تعامل مع التسجيلة
رقم الضبط 20260512112708.0
008 - عناصر البيانات ثابتة الطول - معلومات عامة
حقل البيانات ثابتة الطول 170704s2002 ua frb 000 0bara d
017 ## - رقم الإيداع القانونى
رقم الإيداع القانونى 2002 / 1692
020 ## - الرقم الدولى المعيارى للكتب
الرقم الدولى المعيارى للكتاب 9772083760
040 ## - مصدر الفهرسة
وكالة الفهرسة الأصلية EG-ScBUE
لغة الفهرسة ara
قواعد الوصف rda
وكالة التعديل EG-ScBUE
وكالة النسخ EG-ScBUE
041 0# - رمز اللغة
رمز لغة النص/ المسارات الصوتية أو العنوان الانفرادي ara
رمز لغة الملخص / المستخلص / العنوان الفوقي أو الفرعي eng
082 04 - رقم تصنيف ديوى العشرى
رقم التصنيف 539.7092
رقم المادة ج و ا
رقم الطبعة 22
100 1# - المدخل الرئيسى - إسم شخصى
الإسم الشخصى ‫جوادي، محمد‬،
الدور مؤلف.
245 10 - بيان العنوان
العنوان ‫مشرفة بين الذرة والذروة‬ :
بقية العنوان سيرة حياة علي مصطفى مشرفة 1898-1950 = Between the atom and the top : the biography of Professor Aly Mustafa Mosharrafa Pasha (1898 - 1950) /
بيان المسئوليه,etc د. محمد الجوادي.
246 35 - العنوان الموازى
عنوان صحيح/عنوان مختصر Mosharrafa bayn al-dhara wal dhirwa :
بقية العنوان the biography of professor Aly Mustafa Mosharrafa Pasha (1898 - 1950)
246 31 - العنوان الموازى
عنوان صحيح/عنوان مختصر Between the atom and the top :
بقية العنوان the biography of Professor Aly Mustafa Mosharrafa Pasha (1898 - 1950)
250 ## - بيان الطبعة
بيان الطبعة الطبعة الثانية.
264 #1 - النشر، التوزيع
مكان الناشر او الموزع القاهرة :
اسم الناشر او الموزع مكتبة مدبولي،
تاريخ النشر أو التوزيع 2002.
300 ## - الوصف المادى
التعداد 270 صفحة ؛
أبعاد الوعاء 24 سم.
336 ## - نوع المحتوى
source rdacontent
Carrier Type Term نص
Content Type Code txt
337 ## - نوع الوسيط
Media Type Term بدون وسيط
source rdamedia
Media Type Code n
338 ## - نوع الحامل أو الناقل
Carrier Type Term مجلد
Carrier Type Code nc
source rdacarrier
490 0# - بيان السلسلة
عنوان السلسلة صفحات من تاريخ مصر ؛
رقم المجلد/ التعيين التسلسلي 51
500 ## - تبصرة عامة
تبصرة عامة نال هذا الكتاب جائزة الدولة التشجيعية عن عام 1982.
504 ## - تبصرة ببليوجرافية
تبصرة ببليوجرافية,الخ يشتمل على إرجاعات ببليوجرافية.
546 ## - تبصرة اللغة
تبصرة اللغة النص باللغة العربية ؛ والمخلص باللغة الإنجليزية.
590 ## - تبصرة محلية(RLIN)
تبصرة محلية سامح
600 17 - المدخل الاضافى بالموضوع-اسم شخصى
الإسم الشخصى مشرفة، علي مصطفى،
التواريخ المصاحبة للاسم 1898-1950.
مصدر الرأس أو المصطلح BUEsh
650 #7 - المدخل الاضافى بالموضوع-مصطلح موضوعى
مصطلح موضوعي أو اسم جغرافي كعنصر مدخل العلماء المصريون
التقسيم الفرعي الشكلي تراجم.
مصدر الرأس أو المصطلح BUEsh
650 #7 - المدخل الاضافى بالموضوع-مصطلح موضوعى
مصطلح موضوعي أو اسم جغرافي كعنصر مدخل الفيزيائيون المصريون
التقسيم الفرعي الشكلي تراجم.
مصدر الرأس أو المصطلح BUEsh
653 ## - مصطلح تكشيفى غير مقيد
Resource For college Generalities
Arrived date list July2017
655 ## - مصطلح تكشيفى-نوع/شكل
التقسيم الفرعي الشكلي Reading book
942 ## - عناصر المدخل الإضافي( كوها)
مصدر التصنيف او مخطط الترفيف Dewey Decimal Classification
Holdings
حالة التراجع حالة الفقد مصدر التصنيف او خطة الترفيف حالة تلف ليس للاعارة مجموعات كوها المكان الدائم المكان الحالي موقع الترفيف تاريخ الاكتساب Source of acquisition تعداد مسلسل / التسلسل الزمني رقم الاستدعاء الباركود Date last seen نوع الوعاء
    Dewey Decimal Classification     Madboly Central Library Central Library Second Floor 04/07/2017 Purchase 04183 539.7092 ج و ا 000045233 15/07/2025 Book - Borrowing